000 00280nam a22001337a 4500
008 170202b xxu||||| |||| 00| 0 eng d
020 _a156031088
041 _aeng
080 _a61
100 _a3
101 _aSHM
245 _aUROLOGY SECRETS
_cRESNICK, M,.I
942 _2udc
_cBK
999 _c4327
_d4327